| 000 | 00798nam a2200217 4500 | ||
|---|---|---|---|
| 005 | 20231130154953.0 | ||
| 010 | _aENG-138504 | ||
| 020 |
_a9789382459354 _c99.00 |
||
| 035 | _aEN-122036 | ||
| 037 | _bDBAD/PUB | ||
| 082 |
_a581.2 _21 |
||
| 100 |
_aRagland, Annie _959275 |
||
| 245 |
_aMycology Plant Pathology & Lichenology/ _cBy Annie Ragland; V. Kumaresan and N.Arumugam |
||
| 250 | _a1 | ||
| 260 |
_aTamil Nadu _bSaras Publication _c2014 |
||
| 270 |
_a114/35G A.R.P Camp Road Periavillai, Kottar,P.O Nagercoil, Kanyakumari Dist _bTamil Nadu _e629002 _k04652265026 _k9842123441 _l04652265099 _minfo@saraspublication.com |
||
| 300 |
_a214p. _c24cm(pbk) |
||
| 700 |
_aKumaresan, V. _eAuthor _959276 |
||
| 700 |
_aArumugam , N. _eAuthor _959277 |
||
| 942 |
_2ddc _cEN _h581.2 _mRAG |
||
| 999 |
_c199348 _d199348 |
||